Sales and distribution management : (Record no. 2881)

000 -LEADER
fixed length control field 00900nam a2200301 a 4500
006 - FIXED-LENGTH DATA ELEMENTS--ADDITIONAL MATERIAL CHARACTERISTICS--GENERAL INFORMATION
fixed length control field a||||gr|||| 001 0
007 - PHYSICAL DESCRIPTION FIXED FIELD--GENERAL INFORMATION
fixed length control field ta
008 - FIXED-LENGTH DATA ELEMENTS--GENERAL INFORMATION
fixed length control field 220926r20182023ii a gr 001 0 eng d
020 ## - INTERNATIONAL STANDARD BOOK NUMBER
International Standard Book Number 9789352607730
Terms of availability Rs. 970
040 ## - CATALOGING SOURCE
Original cataloging agency IMU Kochi Library
Language of cataloging eng
041 0# - LANGUAGE CODE
Language code of text/sound track or separate title eng
044 ## - COUNTRY OF PUBLISHING/PRODUCING ENTITY CODE
MARC country code India
082 00 - DEWEY DECIMAL CLASSIFICATION NUMBER
Classification number 658.81
Item number H2982
Edition number 23
100 1# - MAIN ENTRY--PERSONAL NAME
Personal name Havaldar, Krishna K.
245 10 - TITLE STATEMENT
Title Sales and distribution management :
Sub Title test and cases /
250 ## - EDITION STATEMENT
Edition statement 3rd Ed.
260 ## - PUBLICATION, DISTRIBUTION, ETC. (IMPRINT)
Place of publication, distribution, etc Chennai :
Name of publisher, distributor, etc McGraw Hill Education (India) Pvt. Ltd.,
Date of publication, distribution, etc 2018, reprinted 2023
300 ## - PHYSICAL DESCRIPTION
Extent xxxviii, 875 p :
Other physical details ill. ;
Dimensions 24 cm
500 ## - GENERAL NOTE
General note Includes index
650 #0 - SUBJECT ADDED ENTRY--TOPICAL TERM
Topical term or geographic name as entry element Sales Management
Form subdivision Textbooks
650 #0 - SUBJECT ADDED ENTRY--TOPICAL TERM
Topical term or geographic name as entry element Marketing channels
Form subdivision Textbooks
650 #0 - SUBJECT ADDED ENTRY--TOPICAL TERM
Topical term or geographic name as entry element Physical distribution of goods
Form subdivision Textbooks
700 1# - ADDED ENTRY--PERSONAL NAME
Personal name Cavale, Vasant M.
Relator term Joint Author
852 ## - LOCATION/CALL NUMBER
Location IMU Kochi Library
904 ## - LOCAL DATA ELEMENT D, LDD (RLIN)
CATALOGER Rudra Ranjan
905 ## - LOCAL DATA ELEMENT E, LDE (RLIN)
VERIFIER Rudra Ranjan
942 ## - ADDED ENTRY ELEMENTS (KOHA)
Item type Books
Holdings
Withdrawn status Lost status Source of classification or shelving scheme Damaged status Not for loan Collection code Permanent location Current location Shelving location Date acquired Source of acquisition Cost, normal purchase price Total Checkouts Full call number Barcode Date last seen Date last borrowed Koha item type Public note Total Renewals
          Management Studies IMU Kochi Library IMU Kochi Library General Stacks 2024-03-18 M/s Technical Bureau India Pvt Ltd. (Inv. No. TB4115 Dt. 07-03-2024) 970.00 3 658.81 H2982 BK006346 2025-11-03 2025-11-03 Books Gen. Shelf-41, Row-1  
          Management Studies IMU Kochi Library IMU Kochi Library General Stacks 2024-03-18 M/s Technical Bureau India Pvt Ltd. (Inv. No. TB4115 Dt. 07-03-2024) 970.00 4 658.81 H2982 BK006347 2025-11-14 2025-11-13 Books Gen. Shelf-41, Row-1  
          Management Studies IMU Kochi Library IMU Kochi Library General Stacks 2024-03-18 M/s Technical Bureau India Pvt Ltd. (Inv. No. TB4115 Dt. 07-03-2024) 970.00 1 658.81 H2982 BK006348 2024-09-03 2024-08-16 Books Gen. Shelf-41, Row-1 1
          Management Studies IMU Kochi Library IMU Kochi Library General Stacks 2024-03-18 M/s Technical Bureau India Pvt Ltd. (Inv. No. TB4115 Dt. 07-03-2024) 970.00 2 658.81 H2982 BK006349 2024-09-03 2024-09-03 Books Gen. Shelf-41, Row-1  
          Management Studies IMU Kochi Library IMU Kochi Library General Stacks 2024-03-18 M/s Technical Bureau India Pvt Ltd. (Inv. No. TB4115 Dt. 07-03-2024) 970.00 2 658.81 H2982 BK006350 2024-09-17 2024-09-06 Books Gen. Shelf-41, Row-1 1


Copyright © All Rights Reserved by Indian Maritime University, Kochi Campus.
For any Suggestions/Query Contact to library or Email: library.kochi@imu.ac.in Ph:(0484)-2989402
(Web OPAC Designed by Rudra Ranjan. Maintained by IMU Kochi Library)

Powered by Koha